000 00669nam a2200193 a 4500
001 000024892
005 20200930023431.0
008 110207s1984 xxu r 000 0 spa d
020 _a0311138398
040 _aDO-SdBNP
_bspa
_cBNPHU
082 _axxxxx
_bS623p
100 1 _aSisson, Richard
_951094
245 1 0 _aPreparese para evangelizar :
_bun programa de evangelización personal /
_cRichard Sisson ; traducción David Powell , Esteban Ditmore.
260 _aTennessi, Estados Unidos :
_bCasa Bautista de Publicaciones,
_c1984.
300 _a215 p. ;
_c21.5 cm.
700 1 _aPowell, David,
_etr.
_951095
700 1 _aDitmore, Esteban,
_etr.
_951096
049 _aBNGR
999 _c24385
_d24385